000 01794nam0a2200325 4500
001 RU\NLR\bibl\976927
005 20250614213112.0
010 _a5-7418-0428-4
_9500
021 _aRU
_b2006-43878
_92192
035 _a(NLR Aleph) 000964847
090 _a362461
_c362461
100 _a20060822d2006 |||y0rusy50 ca
101 0 _arus
102 _aRU
105 _aa |||||||||
200 1 _aОсновы проектирования горных машин и оборудования
_eучебное пособие для студентов вузов по специальности "Горные машины и оборудование" направления подготовки "Технологические машины и оборудование"
_fА.Е. Кривенко
_g[Моск. гос. горн. ун-т]
210 _aМосква
_cИзд-во Московского государственного горного университета
_d2006
215 _a104,[1] с.
_cил.
_d21
225 1 _aВысшее горное образование
320 _aБиблиогр.: с. 103 (5 назв.)
606 1 _aГорные машины
_jУчебные издания для высших учебных заведений
_xПроектирование
_91467555
_3RU\NLR\auth\66313859
606 1 _aРудничное оборудование
_jУчебные издания для высших учебных заведений
_xПроектирование
_92296191
_3RU\NLR\auth\661374941
686 _aИ-5-02я73-1
700 1 _aКривенко
_bА. Е.
_gАлександр Евгеньевич
_4070
801 0 _aRU
_bNLR
_c20060822
_grcr
801 1 _aRU
_bNLR
_c20060822
830 _aАвт. по кн.
942 _cBOOK
980 _aNB